书目信息 |
| 题名: |
供电
|
|
| 作者: | 瞿星志 编 | |
| 分册: | ||
| 出版信息: | 北京 人民教育出版社 1981 |
|
| 页数: | 161页 | |
| 开本: | 20cm | |
| 丛书名: | 电工学教学小丛书 | |
| 单 册: | ||
| 中图分类: | TM72 | |
| 科图分类: | ||
| 主题词: | 供电--农业中学--教材 | |
| 电子资源: | ||
| ISBN: | ||
| 000 | 00600nam0 2200229 45 | |
| 001 | 0197102027 | |
| 005 | 20060704161641.40 | |
| 010 | @dCNY0.46 | |
| 100 | @a19960823d1981 y0chiy0121 ea | |
| 101 | 0 | @achi |
| 102 | @aCN@b110000 | |
| 105 | @ay z 000yy | |
| 200 | 10 | @a供电@AGONG DIAN@f瞿星志编@Fqu xing zhi bian |
| 210 | @a北京@c人民教育出版社@d1981 | |
| 215 | @a161页@d20cm | |
| 225 | 2 | @a电工学教学小丛书 |
| 410 | 0 | @12001 @a电工学教学小丛书 |
| 606 | @a供电@x农业中学@x教材 | |
| 690 | @aTM72@v4 | |
| 701 | 0 | @a瞿星志@Aqu xing zhi@4编 |
| 801 | 0 | @aCN@bTSSF@c20060704 |
| 905 | @a10447@dTM72@e19 | |
| 供电/瞿星志编.-北京:人民教育出版社,1981 |
| 161页;20cm.-(电工学教学小丛书) |
| ISBN :CNY0.46 |
| ● |
| 相关链接 |
|
|
|
|
正题名:供电
索取号:TM72/19
 
预约/预借
| 序号 | 登录号 | 条形码 | 馆藏地/架位号 | 状态 | 备注 |
| 1 | 0421643 | 204216437 | 密集书库/ [索取号:TM72/19] | 在馆 | |
| 2 | 0421644 | 204216446 | 密集书库/ [索取号:TM72/19] | 在馆 |